| 000 | 01102cam a22003495a 4500 | ||
|---|---|---|---|
| 001 | 015395738 | ||
| 003 | OSt | ||
| 005 | 20170215112319.0 | ||
| 008 | 091014t2010 enka frbd 001 0 eng d | ||
| 020 | _a9780132129442 | ||
| 020 | _a0132129442 | ||
| 040 |
_aUkOxU _beng _cUkOxU _dUkOxU _dUk _dEG-ScBUE |
||
| 082 | 0 | 4 |
_a332.0151 _222 _bGUT |
| 100 | 1 | _aGuthrie, Gary L. | |
| 245 | 1 | 0 |
_aMathematics of interest rates and finance / _cGary L. Guthrie, Larry D. Lemon. |
| 250 | _aInternational ed. | ||
| 260 |
_aLondon : _bPearson Prentice Hall, _cc.2010. |
||
| 300 |
_ax, 467 p. : _bill. ; _c24 cm. |
||
| 500 | _aPrevious ed.: 2004. | ||
| 500 | _aIndex : p. 463-467. | ||
| 500 | _aGlossary : p. 333-340. | ||
| 504 | _aBibliography : p. 315-316. | ||
| 650 | 0 |
_aInterest rates _xMathematical models. _2BUEsh |
|
| 650 | 7 |
_aFinance _xMathematical models. _2BUEsh _922542 |
|
| 650 | 7 |
_aInvestments _xMathematical models. _2BUEsh _936475 |
|
| 651 | _2BUEsh | ||
| 653 |
_bBUSECO _cOctober2016 |
||
| 653 |
_bBUSADM _cFebruary2017 |
||
| 655 |
_vText book _933728 |
||
| 700 | 1 | _aLemon, Larry D. | |
| 942 | _2ddc | ||
| 999 |
_c22650 _d22622 |
||